Introduction to mathematical methods in physics
This concise, contemporary textbook is intended for a student's first course in mathematical methods for physics. Fletcher's approach of introducing and then applying mathematical methods to elementary problems in physics helps students learn the skills needed to continue with upper-level...
Zapisane w:
| 1. autor: | |
|---|---|
| Format: | Książka |
| Język: | Undetermined |
| Wydane: |
Dubuque, Iowa
Wm. C. Brown Publishers
1994
|
| Hasła przedmiotowe: | |
| Etykiety: |
Dodaj etykietę
Nie ma etykietki, Dołącz pierwszą etykiete!
|
| Thư viện lưu trữ: | Trung tâm Học liệu Trường Đại học Cần Thơ |
|---|
| LEADER | 00925nam a2200229Ia 4500 | ||
|---|---|---|---|
| 001 | CTU_32995 | ||
| 008 | 210402s9999 xx 000 0 und d | ||
| 020 | |c 417000 | ||
| 082 | |a 530.155 | ||
| 082 | |b F613 | ||
| 100 | |a Fletcher, Glenn | ||
| 245 | 0 | |a Introduction to mathematical methods in physics | |
| 245 | 0 | |c Glenn Fletcher | |
| 260 | |a Dubuque, Iowa | ||
| 260 | |b Wm. C. Brown Publishers | ||
| 260 | |c 1994 | ||
| 520 | |a This concise, contemporary textbook is intended for a student's first course in mathematical methods for physics. Fletcher's approach of introducing and then applying mathematical methods to elementary problems in physics helps students learn the skills needed to continue with upper-level courses. | ||
| 526 | |a Các phương pháp toán Lý | ||
| 526 | |b SP589 | ||
| 650 | |a Mathematical physics | ||
| 904 | |i Minh, 990917 | ||
| 980 | |a Trung tâm Học liệu Trường Đại học Cần Thơ | ||